000 00706cab a2200241 4500
001 ABS45439
008 090401t1991 xxu||||| |||| 00| 0 eng d
035 _a(Sirsi) u52962
041 _aeng
100 _aLight, A.
245 _aOne split too many?
260 _c1991
350 _a0
490 _aSurveyor
_v176(5169) 15 November 1991, 8-9(2)
520 _aDiscusses the implications of extending compulsory competitive tendering to professional services in local government.
650 _aCOMPULSORY COMPETITIVE TENDERING
650 _aLOCAL AUTHORITIES
650 _aPROFESSIONAL SERVICES
690 _aECONOMIC AND SOCIAL
700 _aMorris, H.
942 _n0
948 _c04/03/1997
999 _c32680
_d32680